Heroines of the French Epic: a second selection of chansons de geste

Guardado en:
Detalles Bibliográficos
Autor principal: Newth, Michael A. H. (translation)
Formato: Libro
Lenguaje:inglés
Publicado: s.l D. S. Brewer 2014
Edición:1a. ed
Materias:
Etiquetas: Agregar Etiqueta
Sin Etiquetas, Sea el primero en etiquetar este registro!

MARC

LEADER 00000cam a2200000 a 4500
001 UCC7294
003 CL-VaPUC
008 190322e20140000uk |||||||||||||||||eng|d
020 |a 9781843843610 
082 0 4 |a 841  |b NEW  |2 21 
100 |a Newth, Michael A. H.  |e translation  |9 601852 
245 1 0 |a Heroines of the French Epic: a second selection of chansons de geste 
250 |a 1a. ed 
300 |a 422 p 
942 |c BK 
945 |d 20190322 14:57:00  |a dcastane 
260 |a s.l  |b D. S. Brewer  |c 2014 
650 0 |a Poesías francesas  |9 265467 
650 7 |a POESIA EPICA FRANCESA  |2 CL-VaPUC  |9 265175 
583 |a last modification  |c 20190322 14:57:00  |k Rodrigo Vera 
999 |c 373978  |d 373976 
952 |0 0  |1 0  |3 erd  |4 0  |6 841_000000000000000_NEW_2014  |7 0  |8 R  |9 492318  |a BIBEDU  |b BIBEDU  |i 5537290  |o 841 NEW 2014  |p 5537290  |r 2023-01-12  |w 2019-11-24  |y BK_R  |z Catalogado en:20190322  |k MUS